Tilastot visalle Suomen yleisimmät miesten etunimet kautta aikojen

Klikkaa tästä pelataksesi tätä visaa!

Yleistilastot

  • Tätä visaa on pelattu 961 kertaa
  • Keskiarvotulos 4 / 10

Vastaustilastot

LukumääräEtunimi% Oikein
129448Matti
77%
346755Juhani
71%
249828Johannes
48%
228516Olavi
36%
157058Tapani
32%
144037Kalevi
32%
138536Tapio
30%
121684Mikael
29%
187062Antero
27%
117512Ilmari
18%

Tulosjakauma

Persentiili vastausten määrän mukaan

Jokaisen tuloksen saaneiden osuus

Tuloshistoriasi

Et ole pelannut tätä visaa